| 000 | 01543nas a2200433 c 4500 | ||
|---|---|---|---|
| 001 | 26048 | ||
| 003 | ES-MaCES | ||
| 005 | 20250327144012.0 | ||
| 007 | cr ||||||||||| | ||
| 008 | 100125d20052015sp qr p | |spa d | ||
| 017 |
_aM 5206-2005 _bDL |
||
| 022 | 1 | _a0213-2931 | |
| 035 | _aCES20100000011p | ||
| 040 |
_aES-MaCES _bspa _cES-MaCES |
||
| 245 | 0 | 0 |
_aClaridad _cedita Comisión Ejecutiva Confederal de UGT |
| 260 |
_aMadrid _bPublicaciones Unión,S.L. _c -2015 |
||
| 300 |
_av. _c27 cm. |
||
| 310 | _a4 n. al año | ||
| 500 | _aCerrada la suscripción de la ed. impresa, continua ed. electrónica | ||
| 500 | _aDescripción basada en: n. 2 (primavera 2005) | ||
| 500 | _aCuarta etapa, 2004- | ||
| 530 | _aCerrada ed. impresa en 2015, sólo ed. electrónica desde 2018 | ||
| 541 | _cGratuito | ||
| 650 | 4 |
_asindicalismo _929453 |
|
| 650 | 4 |
_ateoría política _927233 |
|
| 650 | 4 |
_apolítica social _927029 |
|
| 650 | 4 |
_apolítica _927246 |
|
| 650 | 4 |
_aempleo _928299 |
|
| 650 | 4 |
_928369 _arelaciones laborales |
|
| 653 | 1 | 0 | _aRelaciones laborales-Empleo |
| 710 | 2 |
_aUnión General de Trabajadores de España _bComisión Ejecutiva Confederal _95146 |
|
| 853 | 2 | 1 |
_a4ª etapa _bn. _iaño _jestación _vc _wq _ypm03,06,09,12 |
| 856 | 4 |
_uhttp://www.ugt.es/revistas _ytexto completo desde n. 24 (2013) |
|
| 866 | 0 |
_a2005 (2006-2007) 2008-2015. _zUbicación: DEPÓSITO - 55/1098 |
|
| 905 |
_1Boletín B _kSÍ _nCla _pA + |
||
| 942 |
_2CES _cCR _h2.0. |
||
| 999 |
_c26048 _d26048 |
||